| 000 | 00782nam a22001937a 4500 | ||
|---|---|---|---|
| 003 | BUBTL | ||
| 008 | 200122b xxu||||| |||| 00| 0 eng d | ||
| 020 | _a9789848942444 | ||
| 082 | _a954.9205 / Ar31m | ||
| 100 |
_92955 _aআরেফিন, এ.এস.এম.সামছুল |
||
| 245 |
_aমুক্তিযুদ্ধের প্রেক্ষাপটে ব্যক্তির অবস্থান / _cএ.এস.এম.সামছুল আরেফিন |
||
| 260 |
_aঢাকা : _bসময় প্রকাশন, _cc1995. |
||
| 300 |
_axviii, 691 p. : _c22 cm. |
||
| 500 | _aIncludes Index | ||
| 650 | 0 |
_91755 _aমুক্তিযুদ্ধ |
|
| 856 |
_k0 _l0 _yDownload |
||
| 942 |
_2ddc _cBK |
||
| 999 |
_c6251 _d6251 |
||